01697 a2200241 4500003000500000005001700005010001600022020001500038040000900053082001700062100003300079245009400112260005300206300003300259505078400292650003401076650004201110700002701152942002601179999001901205952010501224952012601329NUST20230727090626.0 a 74022332 a0139141014 cNust00a621.3822,RAB1 aRabiner, Lawrence R.,99546910aTheory and application of digital signal processing /cLawrence R. Rabiner, Bernard Gold. aEnglewood Cliffs, N.J. :bPrentice-Hall,c[1975] axv, 762 p. ;bill. ;c24 cm. aIntroduction (Page-1), Theory of Discrete-Time Linear Systems (Page-9), The Theory and Approximation of Finite Duration Impulse Response Digital Filters (Page-75), Theory and Approximation of in Finite Impulse Response Digital (Page-205), Finite Word Length Effects in Digital Filters (Page-295), Spectrum Analysis and the Fast Fourier Transform (Page-356), An Introduction to the Theory of Two-Dimensional Signal Processing (Page-438), Introduction to digital Hardware (Page-484), Special Purpose Hardware for Digital Filtering and Signal Generation (Page-541), Special Purpose Hardware for the FFT (Page-573), General-Purpose Hardware for Signal Processing Facilities (Page-627), Applications of Digital Signal Processing to Speech (Page-658), Applications to Radar (Page-709). 0aTelecommunication engineering 0aTelecommunication engineering91138421 aGold, Bernard,9104718 2ddccBKk621.3822,RAB c188640d188640 00102ddc40708NFICaMCSbMCSd2016-12-12l0o621.3822 RABpMCS22666r2016-12-08w2016-12-12yBK 00102ddc4070aMCSbMCScGENd2016-12-12o621.3822,RABpMCS27065r2016-12-08w2016-12-12yBKzAlmirha No 83, Shelf No 3